|
|
|
|
| LEADER |
01387nam a22003854a 4500 |
| 001 |
EBC297977 |
| 003 |
MiAaPQ |
| 005 |
20200520144314.0 |
| 006 |
m o d | |
| 007 |
cr cn||||||||| |
| 008 |
020128s2002 caua sb 001 0 eng |
| 020 |
|
|
|z 0122538412 (alk. paper)
|
| 035 |
|
|
|a (MiAaPQ)EBC297977
|
| 035 |
|
|
|a (Au-PeEL)EBL297977
|
| 035 |
|
|
|a (CaPaEBR)ebr10175644
|
| 035 |
|
|
|a (CaONFJC)MIL102040
|
| 035 |
|
|
|a (OCoLC)213298439
|
| 040 |
|
|
|a MiAaPQ
|c MiAaPQ
|d MiAaPQ
|
| 041 |
1 |
|
|a eng
|h fre
|
| 050 |
|
4 |
|a HG4028.V3
|b F467 2002
|
| 082 |
0 |
4 |
|a 658.15
|2 21
|
| 100 |
1 |
|
|a Fernandez, Pablo,
|d 1957-
|
| 240 |
1 |
0 |
|a Valoracion de empresas.
|l English
|
| 245 |
1 |
0 |
|a Valuation methods and shareholder value creation
|h [electronic resource] /
|c Pablo Fernandez.
|
| 260 |
|
|
|a San Diego, Calif. :
|b Academic Press,
|c c2002.
|
| 300 |
|
|
|a xxvii, 631 p. :
|b ill.
|
| 504 |
|
|
|a Includes bibliographical references and indexes.
|
| 533 |
|
|
|a Electronic reproduction. Ann Arbor, MI : ProQuest, 2015. Available via World Wide Web. Access may be limited to ProQuest affiliated libraries.
|
| 650 |
|
0 |
|a Valuation theory.
|
| 650 |
|
0 |
|a Corporations
|x Valuation.
|
| 650 |
|
0 |
|a Price-earnings ratio.
|
| 650 |
|
0 |
|a Stocks
|x Prices.
|
| 655 |
|
4 |
|a Electronic books.
|
| 710 |
2 |
|
|a ProQuest (Firm)
|
| 856 |
4 |
0 |
|u https://ebookcentral.proquest.com/lib/matrademy/detail.action?docID=297977
|z Click to View
|